<?xml version="1.0" encoding="UTF-8"?><?xml-stylesheet type="text/xsl" href="static/style.xsl"?><OAI-PMH xmlns="http://www.openarchives.org/OAI/2.0/" xmlns:xsi="http://www.w3.org/2001/XMLSchema-instance" xsi:schemaLocation="http://www.openarchives.org/OAI/2.0/ http://www.openarchives.org/OAI/2.0/OAI-PMH.xsd"><responseDate>2026-04-27T21:23:58Z</responseDate><request verb="GetRecord" identifier="oai:uvadoc.uva.es:10324/7316" metadataPrefix="marc">https://uvadoc.uva.es/oai/request</request><GetRecord><record><header><identifier>oai:uvadoc.uva.es:10324/7316</identifier><datestamp>2021-06-29T10:09:21Z</datestamp><setSpec>com_10324_38</setSpec><setSpec>col_10324_852</setSpec></header><metadata><record xmlns="http://www.loc.gov/MARC21/slim" xmlns:doc="http://www.lyncode.com/xoai" xmlns:xsi="http://www.w3.org/2001/XMLSchema-instance" xmlns:dcterms="http://purl.org/dc/terms/" xsi:schemaLocation="http://www.loc.gov/MARC21/slim http://www.loc.gov/standards/marcxml/schema/MARC21slim.xsd">
<leader>00925njm 22002777a 4500</leader>
<datafield tag="042" ind1=" " ind2=" ">
<subfield code="a">dc</subfield>
</datafield>
<datafield tag="720" ind1=" " ind2=" ">
<subfield code="a">Álvarez Cáceres, Beatriz</subfield>
<subfield code="e">author</subfield>
</datafield>
<datafield tag="260" ind1=" " ind2=" ">
<subfield code="c">2014</subfield>
</datafield>
<datafield tag="520" ind1=" " ind2=" ">
<subfield code="a">El medio rural ha sido, es y será necesario aún cuando el mundo avanza hacia un presente y futuro global. En la actualidad, en el mundo desarrollado y cada vez de manera más incipiente en los países en desarrollo este entorno se ve afectado por graves problemas provocados por el envejecimiento, la despoblación, el éxodo a las grandes ciudades y la escasez de servicios entre otros. El emprendimiento en el mundo rural puede ser una vía de mejora y reactivación de esta zona así como una generación de oportunidades para la población con especial relevancia para los jóvenes. Por eso en este trabajo abordaremos la importancia que supone desde el punto de vista social y económico el desarrollo de un programa de emprendedores para jóvenes en el mundo rural.</subfield>
</datafield>
<datafield tag="024" ind2=" " ind1="8">
<subfield code="a">http://uvadoc.uva.es/handle/10324/7316</subfield>
</datafield>
<datafield ind1=" " ind2=" " tag="653">
<subfield code="a">Emprendedores</subfield>
</datafield>
<datafield ind1=" " ind2=" " tag="653">
<subfield code="a">Jóvenes en medio rural</subfield>
</datafield>
<datafield tag="245" ind1="0" ind2="0">
<subfield code="a">Juventud y emprendimiento en el mundo rural</subfield>
</datafield>
</record></metadata></record></GetRecord></OAI-PMH>